00537cam a2200193 a 4500001000800000005001700008008004100025010001700066020003900083040003000122041000800152043001200160051008900172080001200261082001900273100000700292101000800299245003600307250680720180111045043.0920325s1992 nyu 000 1 eng  a 92050151  a0679416498 :c$25.00 ($31.50 Can.) aDLCcDLCdDLCdOCoLCdDLC aeng an-mx--- a813.54 bM48 1992 Copy 3cCopy 3. Signed by author. Copyright deposit, Jan. 6, 1993. a813.54 00a813.54 MIC2201 a19 aHIS10aMexico /cby James A. Michener.